000 00311nam a2200133 i 4500
001 bg
245 0 _aWielki słownik węgiersko-polski /
_cP.red. J.Reychmana.
250 _aWyd.2.
260 _aWarszawa,
_c1980.
040 _cBPK
041 _apol
942 _cKS
008 s pl f |000 0 pol
999 _c19696
_d19696
856 _uhttp://koha.tu.koszalin.pl/cgi-bin/koha/opac-detail.pl?biblionumber=19696
_yKatalog online BPK